000 00882nam a22002297a 4500
005 20240530110429.0
008 150329s2010 su do g b 000 0 ara d
020 _a9789960547466
040 _aEG-CaGPL
082 0 4 _221
_a153.852\
_bس ت
100 1 _aسيالدينى ، روبرت ب
_qروبرت ب . سيالديني
245 1 2 _aالتاثير :
_bعلم نفس الاقناع /
_cروبرت ب . سيالديني ؛ نقله الى العربية سامر الايوبى
250 _aط1
260 _aالرياض :
_bمكتبة العبيكان ،
_c2010
300 _a347 ص :
_bايض ؛
_c24 سم
504 _aببليوجرافية : ص 311 - 347
650 0 4 _aعلم نفس الملكات
650 0 4 _aالاقناع
_xعلم النفس
700 _aسامر الايوبى
_eمترجم
942 _2ddc
_cBK
999 _c60805
_d60805